LEADER 00985nam0-2200337---450- 001 990009735290403321 005 20130603111533.0 010 $a9110910328 035 $a000973529 035 $aFED01000973529 035 $a(Aleph)000973529FED01 035 $a000973529 100 $a20130603d1990----km-y0itay50------ba 101 0 $aeng 102 $aUS 105 $ay-------001yy 200 1 $a<>Merck manual of geriatrics$fWilliam B. Abrams and Robert Berkow editors$gAndrew J. Fletcher assistant editor$geditorial board Itamar B. Abrass ... [et al.] 210 $aRahway$cMerck$d1990 215 $aXXII, 1267 p.$d21 cm 610 0 $aGeriatria 676 $a618.97 702 1$aBerkow,$bRobert 702 1$aAbrams,$bWilliam B. 702 1$aAbrass,$bItamar B. 801 0$aIT$bUNINA$gRICA$2UNIMARC 901 $aBK 912 $a990009735290403321 952 $aStanza 1.1$fDMVPA 959 $aDMVPA 996 $aMerck manual of geriatrics$9842589 997 $aUNINA LEADER 01451nas 2200457-a 450 001 9910340176803321 005 20240413015340.0 035 $a(CKB)3280000000001349 035 $a(CONSER)--2008252841 035 $a(EXLCZ)993280000000001349 100 $a20081021a20089999 --- a 101 0 $aeng 181 $ctxt$2rdacontent 182 $cc$2rdamedia 183 $acr$2rdacarrier 200 10$aBack stage 205 $aNational ed. 210 $aNew York $cNielsen Business Media 210 2 $aLos Angeles, CA $cBackstage 210 3 $aNew York $cBackstage LLC 215 $a1 online resource 311 08$aPrint version: Back stage (2008) 1946-5440 (DLC) 2008252841 (OCoLC)263003009 517 1 $aBack stage West 517 3 $aBackstage 606 $aPerforming arts$zUnited States$vPeriodicals 606 $aTheater$xCasting$zUnited States$vPeriodicals 606 $aPerforming arts$2fast$3(OCoLC)fst01057887 606 $aTheater$xCasting$2fast$3(OCoLC)fst01149228 607 $aUnited States$2fast$1https://id.oclc.org/worldcat/entity/E39PBJtxgQXMWqmjMjjwXRHgrq 608 $aPeriodicals.$2fast 608 $aPeriodicals.$2lcgft 615 0$aPerforming arts 615 0$aTheater$xCasting 615 7$aPerforming arts. 615 7$aTheater$xCasting. 676 $a792 906 $aJOURNAL 912 $a9910340176803321 920 $aexl_impl conversion 996 $aBack stage$92307163 997 $aUNINA